ბათუმის შოთა რუსთაველის სახელმწიფო უნივერსიტეტის ბიბლიოთეკა

კეთილმძლეობის ეთიკა : (ბიბ.ჩანაწერი № 46507)

000 -ლიდერი
ფიქსირებული სიგრძის საკონტროლო ველი 01187nam a2200277Ia 4500
001 - საკონტროლო ნომერი
საკონტროლო ველი 13346
003 - საკონტროლო ნომრის იდენტიფიკატორი
საკონტროლო ველი GE_BSU
005 - ბოლო ოპერაციის თარიღი და დრო
საკონტროლო ველი 20210225184315.0
008 - ფიქსირებული სიგრძის მონაცემთა ელემენტები - ზოგადი ინფორმაცია
ფიქსირებული სიგრძის საკონტროლო ველი 181216s2014||||ge |||||||||||||| ||geo||
020 ## - წიგნის საერთაშორისო სტანდარტული ნომერი
International Standard Book Number 9789941055041
020 ## - წიგნის საერთაშორისო სტანდარტული ნომერი
Terms of availability საგანთა საძიებელი: გვ. 179-195
040 ## - კატალოგიზაციის წყარო
Transcribing agency GE_BSU
041 ## - ენის კოდი
Language code of text/sound track or separate title geo
080 ## - უნივერსალური ათობითი კლასიფიკაციის ინდექსი
Universal Decimal Classification number 17 ც-92
100 ## - მთავარი ჩანაწერი - პიროვნების სახელი
Personal name ცუცქირიძე, მერი
9 (RLIN) 10248
245 ## - ცნობა სათაურის შესახებ
Title კეთილმძლეობის ეთიკა :
Remainder of title (სულხან-საბა ორბელიანი) /
Statement of responsibility, etc მერი ცუცქირიძე ; რედ. გიორგი ბარამიძე.
264 ## - წარმოების, გამოცემის, დისტრიბუციის და სხვა ცნობები
გამოცემის, წარმოების, დისტრიბუციის... ადგილი თბილისი :
გამოცემის, წარმოების, დისტრიბუციის... სახელწოდება [გ.გ],
გამოცემის, წარმოების, დისტრიბუციის... თარიღი 2014.
300 ## - ფიზიკური აღწერა
Extent 195 გვ. ;
Dimensions 21 სმ.
300 ## - ფიზიკური აღწერა
Accompanying material ლექსიკონი: გვ. 140-166
504 ## - BIBLIOGRAPHY, ETC. NOTE
Bibliography, etc ბიბლიოგრ. : გვ. 135-139
653 ## - INDEX TERM--UNCONTROLLED
Uncontrolled term (სულხან-საბა ორბელიანი)
653 ## - INDEX TERM--UNCONTROLLED
Uncontrolled term ეთიკა
653 ## - INDEX TERM--UNCONTROLLED
Uncontrolled term კეთილმძლეობის ეთიკა
700 ## - ADDED ENTRY--PERSONAL NAME
Personal name ბარამიძე, გიორგი
Relator term რედაქტორი
9 (RLIN) 10249
942 ## - ADDED ENTRY ELEMENTS (KOHA)
Koha item type წიგნი
Source of classification or shelving scheme
ეგზემპლარები
ჩამოწერის სტატუსი დაკარგული ეგზემპლარის სტატუსი კლასიფიკაციის წყარო ან თაროზე გაწყობის სქემა დაზიანების სტატუსი არ გაიცემა მუდმივი მდებარეობა (დაცვის ადგილი) ამჟამინდელი ადგილსამყოფელი თაროზე განთავსების ადგილი შეძენის თარიღი სრული შენახვის შიფრი შტრიხკოდი ბოლო ოპერაციის თარიღი ეგზემპლარის მიმდევრობითი ნომერი (კეტერი?) ფასის ძალაში შესვლის თარიღი ეგზემპლარის სახეობა
          ბათუმის შოთა რუსთაველის სახელმწიფო უნივერსიტეტის მთავარი ბიბლიოთეკა ბათუმის შოთა რუსთაველის სახელმწიფო უნივერსიტეტის მთავარი ბიბლიოთეკა წიგნსაცავი 2018-12-17 17 ც-92 27243 2018-12-17 27243 2018-12-17 წიგნი
          ბათუმის შოთა რუსთაველის სახელმწიფო უნივერსიტეტის მთავარი ბიბლიოთეკა ბათუმის შოთა რუსთაველის სახელმწიფო უნივერსიტეტის მთავარი ბიბლიოთეკა წიგნსაცავი 2018-12-17 17 ც-92 53903 2018-12-17 53903 2018-12-17 წიგნი